Most Common US County Names - Statistics

General Stats
  • This quiz has been taken 957 times
  • The average score is 14 of 24
Answer Stats
Hint Answer % Correct
President Washington
99%
President Jefferson
91%
President Lincoln
91%
President Adams
86%
Founding Father Franklin
80%
President Jackson
77%
Confederate General Lee
72%
President Madison
72%
Body of water Lake
71%
President Monroe
69%
Alabama city Montgomery
65%
Surname of two Presidents Johnson
64%
Color? Greene
62%
President Grant
61%
Northern Army Union
59%
Surveyor of the American West Clark
56%
Plan to rebuild Europe after WWII Marshall
52%
President Polk
45%
Soil material Clay
41%
JFK assassination commission Warren
37%
Michigan's most populous Wayne
35%
A Christmas song? Carroll
32%
Indiana's most populous Marion
17%
Nebraska's most populous Douglas
12%
No matching quizzes found
Score Distribution
Percent of People with Each Score
Percentile by Number Answered
Your Score History
You have not taken this quiz